| 000 | 00685nam a22002057a 4500 | ||
|---|---|---|---|
| 005 | 20170531155136.0 | ||
| 010 | _aENG-118493 | ||
| 020 |
_a9789383930081 _c1695.00 |
||
| 035 | _aEN-102025 | ||
| 037 | _bDBAD/PUB | ||
| 082 | _a320.5320954 | ||
| 245 |
_aNaxalism in India : _cedited by Sanjay Kumar [and] M. Samir Hussain _bpresent and future challenges / |
||
| 260 |
_aNew Delhi _bG.B. Books Publishers and Distributors _c2015 |
||
| 270 | _a4832/24, S-204 Prahlad Lane Ansari Road, New Delhi-110002 | ||
| 300 |
_axii,234p _c23cm.(Hb) |
||
| 500 | _aIncludes index | ||
| 700 | _aSanjay Kumar | ||
| 700 | _aM. Samir Hussain | ||
| 942 |
_2ddc _cEN _h320.5320954 _mNAX |
||
| 999 |
_c140620 _d140620 |
||